000 00986nam0a22002771 4500
001 rc\137233
005 20250620203511.0
010 _a5-88908-009-1
_92000
035 _a(NLR Aleph) 005409793
090 _a7361628
_c7361628
100 _a20030307d1997 |||y0rusy50 ca
101 0 _arus
_aost
102 _aRU
105 _aa |||||||||
200 1 _aКартинный словарь хантыйского языка
_eКазым. диалект
_eПособие для нач. классов
_fВ.Н. Соловар
_gХудож. Л.А. Иванов
210 _aСПб.
_cАлфавит
_d1997
215 _a159 с.
_cцв. ил.
_d21
300 _aЗагл. обл. на хантыйск. яз.
700 1 _7ca
_8rus
_aСоловар
_bВ. Н.
_f1958-
_gВалентина Николаевна
_9204952
_3RU\NLR\AUTH\770205004
801 0 _aRU
_bNLR
_gpsbo
801 1 _aRU
_bELAR
_2rusmarc
852 _aNLR
_bОНЛ
852 _aNLR
_jОНЛ
942 _cBOOK
980 _aNB